| 000 | 00483nam a2200181Ia 4500 | ||
|---|---|---|---|
| 008 | 240925s9999 xx 000 0 und d | ||
| 020 | _aNA | ||
| 082 | _a005.133 MOS | ||
| 100 | _aMoss, Chris | ||
| 245 | 0 | _aProlog ++ the power of object oriented and logic programming | |
| 250 | _aNA | ||
| 260 |
_aNew York: _bFree Press _c,1994. |
||
| 300 |
_a0 _bNA _fNA |
||
| 500 | _aNA | ||
| 600 | _aComputer Science | ||
| 650 | _aComputer science, information & general works | ||
| 942 | _cBK | ||
| 999 |
_c4671 _d4671 |
||